| 000 | 00507nam a22002057a 4500 | ||
|---|---|---|---|
| 005 | 20260507084321.0 | ||
| 008 | 260507b |||||||| |||| 00| 0 eng d | ||
| 020 | _a9781454126109 | ||
| 082 |
_a572 _bBER-B |
||
| 100 | _aBerg Jeremy M. | ||
| 245 | _aBiochemistry: | ||
| 250 | _a8th.ed | ||
| 260 |
_aAmerica: _bKate Ahr Parker; _c2015. |
||
| 300 | _a1056p. | ||
| 500 | _ainclude index. | ||
| 650 | _aMedical / Biochemistry | ||
| 700 | _aJohn L. Tymoczko | ||
| 700 | _aLubert Stryer | ||
| 999 |
_c37188 _d37188 |
||